The UK property developer directory (Record no. 105277)
[ view plain ]
| 000 -LEADER | |
|---|---|
| fixed length control field | 00883cam a2200205 4500 |
| 001 - CONTROL NUMBER | |
| control field | ##L132890 |
| 008 - FIXED-LENGTH DATA ELEMENTS--GENERAL INFORMATION | |
| fixed length control field | 060317n2006 000 0 eng u |
| 035 ## - SYSTEM CONTROL NUMBER | |
| System control number | (Sirsi) u132890 |
| 041 0# - LANGUAGE CODE | |
| Language code of text/sound track or separate title | eng |
| 050 04 - LIBRARY OF CONGRESS CALL NUMBER | |
| Classification number | 333.33025 $4 18 |
| 110 2# - MAIN ENTRY--CORPORATE NAME | |
| Corporate name or jurisdiction name as entry element | Property Data Limited |
| 9 (RLIN) | 3654 |
| 245 04 - TITLE STATEMENT | |
| Title | The UK property developer directory |
| Remainder of title | 2006 edition |
| 260 ## - PUBLICATION, DISTRIBUTION, ETC. | |
| Place of publication, distribution, etc. | London |
| Name of publisher, distributor, etc. | Property Data Limited |
| Date of publication, distribution, etc. | 2006 |
| 300 ## - PHYSICAL DESCRIPTION | |
| Extent | 295p |
| Dimensions | 30cm + |
| Accompanying material | 1cd |
| 350 ## - PRICE (NR) (BK AM CF MU VM SE) [OBSOLETE] | |
| Price | 275 |
| 520 ## - SUMMARY, ETC. | |
| Summary, etc. | Contains an index of the top 100 UK property developers listed by their most recent reported turnover; an index of current active developers by region and sector; UK property developers' head offices listed by 12 regions; and detailed information on over 1 400 commercial property developers. |
| 520 ## - SUMMARY, ETC. | |
| Summary, etc. | Accompanied by a CD containing company financial information. |
| 690 ## - LOCAL SUBJECT ADDED ENTRY--TOPICAL TERM (OCLC, RLIN) | |
| Topical term or geographic name as entry element | PROPERTY-PROPERTY DEVELOPMENT |
| 942 ## - ADDED ENTRY ELEMENTS (KOHA) | |
| Suppress in OPAC | 0 |
| Withdrawn status | Lost status | Source of classification or shelving scheme | Damaged status | Not for loan | Home library | Current library | Shelving location | Date acquired | Cost, normal purchase price | Total Checkouts | Full call number | Barcode | Date last seen | Copy number | Cost, replacement price | Price effective from | Koha item type |
|---|---|---|---|---|---|---|---|---|---|---|---|---|---|---|---|---|---|
| Dewey Decimal Classification | London | London | Basement | 25/04/2006 | 275.00 | RESERVE SHELF 321 | 30072829 | 06/08/2019 | 1 | 275.00 | 06/08/2019 | Reference material |